000 00443nam a22001697a 4500
003 CEME
005 20210628201855.0
008 210105b xxu||||| |||| 00| 0 eng d
020 _a9780199064779
040 _c.
082 _a954.92046 BOS
100 _aBose, Sarmila
_951292
245 _aDead recokoning, memories of the 1971 bangladesh war
260 _aRAWALPINDI
_bOXFORD UNIVERSITY PRESS
_c2012
300 _a239P
942 _cBK
_2ddc
999 _c567496
_d567496